header

Resolution of prison riots (Record no. 69003)

MARC details
000 -LEADER
fixed length control field 01337nam a2200325Ia 4500
100 1# - MAIN ENTRY--AUTHOR NAME
Personal name Useem, Bert.
245 10 - TITLE STATEMENT
Title Resolution of prison riots
260 ## - PUBLICATION, DISTRIBUTION, ETC. (IMPRINT)
Place of publication New York :
Name of publisher Oxford University Press,
Year of publication 1996.
300 ## - PHYSICAL DESCRIPTION
Number of Pages vi, 223 p. :
Other physical details ill.
650 #0 - SUBJECT ADDED ENTRY--TOPICAL TERM
Topical Term Prison riots
Topical Term Prison administration
Topical Term Prison riots
700 1# - ADDED ENTRY--PERSONAL NAME
Personal name Camp, Camille Graham.
Personal name Camp, George M.
856 40 - ELECTRONIC LOCATION AND ACCESS
Uniform Resource Identifier http://site.ebrary.com/lib/rucke/Doc?id=10086938

No items available.

© 2026 Rongo University
Contact us: librarian | system librarian | Rongo university